00801nam a2200205 a 4500008004100000020001500041050002000056100003200076245006800108250001200176260004000188300003500228350000900263650001200272650001900284700003100303995010800334999001700442952013600459120201s1998 ||||||||||||||||| || u a0750620889 aQH 541.5.S3 Tai aTait, R. V. (Ronald Victor)10aElements of marine ecology.-- 4th ed.cR. V. Tait, F. A. Dipper a4th ed. aOxfordbButterworth-Heinemannc1998 aix, 462p.: ill.-- Bibliography a0.00 aECOLOGY aMARINE ECOLOGY aDipper, F. A. (Frances A.) D0.00FCBU-MAIN LIBRARY (Kitwe)H1I0.00M1UAVAILABLEWMar 6, 2012ZMain Library Open Access Collection c41667d41667 00102lcc4070a001b001cMain Library Open Access Collectiond2022-11-30l0oQH 541.5.S3 Taip742636r2022-11-30w2022-11-30y002